00429nam a2200157Ia 45000010006000000050017000060080041000230410008000640820015000721000024000872450107001112600009002183000028002276500008002556540008002631807520260306171604.0260306s9999||||xx |||||||||||||| ||und|| aESP a658.4bS56 aSimon, HermanneAUT 0aCampeones ocultos del siglo XXI:bestrategias de éxito de Líderes desconocidos del mercado mundial c2010 a469 páginas :c25 cm. aGEN aCAN